Beste Länder im Fußball (je Konförderation) - Statistiken

Allgemein
  • Dieses Quiz wurde 219 mal gespielt
    112 seit der letzten Aktualisierung
  • Das Durchschnittsergebnis liegt bei 24 aus 30
Antwortstatistiken
Platzierung Nationalmannschaft % Korrekt
5. Brasilien
98%
1. Argentinien
97%
2. Spanien
97%
3. Frankreich
96%
15. Japan
95%
16. Vereinigte Staaten / USA
95%
17. Mexiko
94%
23. Südkorea
94%
4. England
92%
107. Neuseeland
92%
32. Ägypten
91%
30. Kanada
91%
14. Kolumbien
91%
12. Marokko
91%
7. Portugal
91%
13. Uruguay
91%
26. Australien
90%
6. Niederlande
90%
18. Iran
83%
33. Panama
83%
24. Ecuador
82%
36. Algerien
78%
54. Costa Rica
78%
19. Senegal
78%
41. Elfenbeinküste
68%
165. Papua-Neuguinea / PNG
63%
55. Katar
61%
133. Salomonen / Salomon-Inseln
52%
158. Neukaledonien
26%
161. Tahiti
17%
Keine übereinstimmenden Quizze gefunden
Verteilung der Resultate
Anzahl Personen mit jedem Resultat
Perzentil nach korrekt beantworteten Fragen
Ihre Resultats-Entwicklung
Sie haben dieses Quiz seit der letzten Aktualisierung nicht gespielt